Electronic Signals and Systems : Analysis, Design and Applications /

The Book is intended for a course on signals and systems at the senior undergraduate level. The authors consider all therequirements and tools used in analysis and design of discrete time systems forfilter design and signal processing.

Bibliographic Details
Main Author: K̲h̲ān, Muḥammad Nāṣir
Corporate Author: Taylor & Francis
Format: eBook
Language:English
Published: Gistrup, Denmark : River Publishers, [2020]
Edition:International edition.
Series:River Publishers series in signal, image and speech processing.
Subjects:
Online Access:Connect to the full text of this electronic book

MARC

Tag First Indicator Second Indicator Subfields
LEADER 00000cam a2200000 i 4500
001 in00005526413
006 m o d
007 cr cnu---unuuu
008 210106s2020 dk a ob 001 0 eng d
005 20241108170231.0
035 |a (OCoLC)on1229075575 
040 |a YDX  |b eng  |e rda  |e pn  |c YDX  |d YDXIT  |d OCLCO  |d EBLCP  |d N$T  |d OCLCF  |d OCLCQ  |d OCLCO  |d K6U  |d OCLCQ  |d YDX  |d OCLCQ  |d TYFRS  |d GUA  |d OCLCO  |d OCLCL  |d SXB  |d OCLCO  |d OCLCQ  |d OCLCO  |d UEJ  |d OCLCQ 
019 |a 1229930540 
020 |a 9788770221696  |q (electronic book) 
020 |a 8770221693  |q (electronic book) 
020 |a 9781003338055  |q (electronic bk.) 
020 |a 1003338054  |q (electronic bk.) 
020 |a 9781000791938  |q (electronic bk. : EPUB) 
020 |a 1000791939  |q (electronic bk. : EPUB) 
020 |a 9781000795097  |q (electronic bk. : PDF) 
020 |a 1000795098  |q (electronic bk. : PDF) 
020 |z 8770221707 
020 |z 9788770221702 
024 7 |a 10.1201/9781003338055  |2 doi 
035 |a (OCoLC)1229075575  |z (OCoLC)1229930540 
037 |a 9781003338055  |b Taylor & Francis 
050 4 |a TK5102.9  |b .K53 2020 
072 7 |a SCI  |x 024000  |2 bisacsh 
072 7 |a TEC  |x 007000  |2 bisacsh 
072 7 |a TEC  |x 008000  |2 bisacsh 
072 7 |a TJK  |2 bicssc 
082 0 4 |a 621.3028  |2 23 
049 |a TXAM 
100 1 |a K̲h̲ān, Muḥammad Nāṣir. 
245 1 0 |a Electronic Signals and Systems :  |b Analysis, Design and Applications /  |c Muhammad Nasir Khan [and 3 others]. 
250 |a International edition. 
264 1 |a Gistrup, Denmark :  |b River Publishers,  |c [2020] 
300 |a 1 online resource :  |b illustrations 
336 |a text  |b txt  |2 rdacontent 
337 |a computer  |b c  |2 rdamedia 
338 |a online resource  |b cr  |2 rdacarrier 
490 1 |a River Publishers series in signal, image and speech processing 
588 0 |a Online resource; title from digital title page (viewed on May 12, 2021). 
504 |a Includes bibliographical references. 
505 0 |a Front Cover -- Electronic Signals and SystemsAnalysis, Design and Applications International Edition -- Contents -- Preface -- Preface to the International Edition -- List of Figures -- List of Tables -- List of Abbreviations -- 1 Signals -- 1.1 Introduction -- 1.2 CT Signals -- 1.2.1 Frequency-CT Sinusoid Signals -- 1.2.2 Periodic and Aperiodic Signals -- 1.3 Manipulation of CT Signals -- 1.3.1 Reflection/Folding/Flipping -- 1.3.2 Shifting (Advanced and Delayed) -- 1.3.3 Scaling (Time and Magnitude) -- 1.3.4 Rule for Reflection, Shifting and Time Scaling 
505 8 |a 1.3.5 Use of Step and Ramp Function in Signal Processing -- 1.3.6 Even and Odd Signals -- 1.4 DT Signals -- 1.4.1 Continuous Versus Discrete Signals -- 1.4.2 Concept of Frequency -- DT Signals -- 1.4.3 Time Domain and Frequency Domain -- 1.5 AD and DA Conversion -- 1.5.1 Processing Steps for AD Conversion -- 1.5.1.1 Sample and hold -- 1.5.1.2 Quantization -- 1.5.1.3 Coding -- 1.5.2 Sampling of Analogue Signals -- 1.6 The Sampling Theorem -- 1.7 Quantization Error -- 1.8 Representing DT Signal -- 1.8.1 Graphical Representation -- 1.8.2 Functional Representation -- 1.8.3 Sequence Representation 
505 8 |a 1.8.4 Tabular Representation -- 1.9 Elementary DT Signals -- 1.9.1 Unit Impulse -- 1.9.2 Unit Step Signal -- 1.9.3 Unit Ramp Signal -- 1.9.4 Exponential Signal -- 1.9.5 Sinusoidal Signal -- 1.10 Simple Manipulations of DT Signal -- 1.10.1 Reflection/Folding/Flipping -- 1.10.2 Shifting (Advanced and Delayed) -- 1.10.3 Scaling (Time and Magnitude) -- 1.10.4 Addition and Multiplication -- 1.10.5 Even and Odd Signals -- 1.11 Energy and Power Signals for CT and DT Signals -- 1.12 Problems and Solutions -- 2 Differential Equations -- 2.1 Introduction -- 2.2 Determination of the Transient Response, t 
505 8 |a 2.3 Determination of the Steady-State Response, ss -- 2.3.1 Zero- or Constant-Driving Function -- 2.3.2 Ramp- or Acceleration-Driving Function -- 2.3.3 Exponential-Driving Function -- 2.3.4 Sinusoidal-Driving Function -- 2.4 Problems and Solutions -- 3 Laplace Transform -- 3.1 Introduction -- 3.2 Theorems of Laplace Transform -- 3.3 Differential Equations and Transfer Functions -- 3.4 Problems and Solutions -- 4 System Description -- 4.1 System -- 4.2 Properties of Continuous-time System -- 4.2.1 Systems with Memory -- 4.2.2 Invertibility -- 4.2.3 Causality -- 4.2.4 Stability 
505 8 |a 4.2.5 Time Invariance -- 4.2.6 Linearity -- 4.3 Discrete-Time Systems -- 4.3.1 System's Representation -- 4.4 Symbol Used to Represent DTS -- 4.4.1 An Adder -- 4.4.2 A Constant Multiplier -- 4.4.3 A Signal Multiplier -- 4.4.4 Unit Delay Element -- 4.4.5 Unit Advanced Element -- 4.5 Properties of DTS -- 4.5.1 Static Versus Dynamic Systems -- 4.5.2 Time Invariant Versus Time-Variant System -- 4.5.3 Linear Versus Non-Linear System -- 4.5.3.1 Linear system -- 4.5.3.2 Non-linear system -- 4.5.4 Causal vs Non-Causal System -- 4.5.5 Stable Versus Unstable System -- 4.6 Systems' Mathematical Model 
520 |a The Book is intended for a course on signals and systems at the senior undergraduate level. The authors consider all therequirements and tools used in analysis and design of discrete time systems forfilter design and signal processing. 
545 0 |a Muhammad Nasir Khan, Syed K. Hasnain, Mohsin Jamil, Ali Imran 
650 0 |a Signal processing  |x Mathematics. 
650 6 |a Traitement du signal  |x Mathématiques. 
650 7 |a SCIENCE / Energy  |2 bisacsh 
650 7 |a TECHNOLOGY / Electricity  |2 bisacsh 
650 7 |a TECHNOLOGY / Electronics / General  |2 bisacsh 
650 7 |a Signal processing  |x Mathematics  |2 fast 
655 7 |a Electronic books.  |2 local 
710 2 |a Taylor & Francis. 
758 |i has work:  |a Electronic Signals and Systems (Text)  |1 https://id.oclc.org/worldcat/entity/E39PCGC8fMcfVJHbQdcDcRtp6C  |4 https://id.oclc.org/worldcat/ontology/hasWork 
776 0 8 |i Print version:  |z 8770221707  |z 9788770221702  |w (OCoLC)1175914163 
830 0 |a River Publishers series in signal, image and speech processing. 
856 4 0 |u http://proxy.library.tamu.edu/login?url=https://www.taylorfrancis.com/books/9781003338055  |z Connect to the full text of this electronic book  |t 0 
955 |a Taylor and Francis ENGnetBASE 
994 |a 92  |b TXA 
999 f f |s c6b505d0-0649-4625-88ed-1c9d42581770  |i 23b3bbf3-7dc9-45cf-835f-d930a3239025  |t 0 
952 f f |a Texas A&M University  |b College Station  |c Electronic Resources  |d Available Online  |t 0  |e TK5102.9 .K53 2020  |h Library of Congress classification 
998 f f |a TK5102.9 .K53 2020  |t 0  |l Available Online